Ideological Origins of the American Revolution (Record no. 5141)

MARC details
000 -LEADER
fixed length control field 00502cam a2200181ua 4500
001 - CONTROL NUMBER
control field 5992
005 - DATE AND TIME OF LATEST TRANSACTION
control field 20260515113950.0
008 - FIXED-LENGTH DATA ELEMENTS--GENERAL INFORMATION
fixed length control field 131030n ii |||frmmmmZ001|0|eng
040 ## - CATALOGING SOURCE
Transcribing agency MAIN
082 ## - DEWEY DECIMAL CLASSIFICATION NUMBER
Classification number 973.3
100 1# - MAIN ENTRY--PERSONAL NAME
Personal name Bailyn,Bernard,
Relator term Author.
245 11 - TITLE STATEMENT
Title Ideological Origins of the American Revolution
Statement of responsibility, etc. by Bernard Bailyn
260 ## - PUBLICATION, DISTRIBUTION, ETC.
Place of publication, distribution, etc. Calcutta:
Name of publisher, distributor, etc. Scientific Book Agency,
Date of publication, distribution, etc. 1969.
300 ## - PHYSICAL DESCRIPTION
Extent 321p.
653 ## - INDEX TERM--UNCONTROLLED
Uncontrolled term History
653 ## - INDEX TERM--UNCONTROLLED
Uncontrolled term Ideological Origins of the American Revolution
942 ## - ADDED ENTRY ELEMENTS (KOHA)
Koha item type Books
Holdings
Withdrawn status Lost status Damaged status Not for loan Home library Current library Shelving location Date acquired Total checkouts Full call number Barcode Date last seen Copy number Price effective from Koha item type
        Naharkatiya College Library Naharkatiya College Library General stacks 09/19/2020   973.3 | BAI 257 09/19/2020 1 09/19/2020 Books